|
|
|
|
| LEADER |
00000nab a2200000 a 4500 |
| 001 |
vtls001010831 |
| 003 |
SK-MaSNL |
| 005 |
20260304225948.0 |
| 008 |
040720e20021014xo 0 slo |
| 035 |
|
|
|a RV11431
|
| 040 |
|
|
|a RVGKPD
|b slo
|c RVGKPD
|e AACR2
|
| 041 |
0 |
|
|a slo
|
| 044 |
|
|
|a xo
|c SK
|
| 080 |
|
|
|a 687.2
|2 1981
|
| 080 |
|
|
|a 687.1
|2 1981
|
| 100 |
0 |
|
|a (zub)
|4 aut
|9 840346
|
| 245 |
1 |
0 |
|a Gemtex pritiahol do Rožňavy nemeckého investora
|
| 610 |
2 |
7 |
|a Gemtex (Rožňava, Slovensko)
|2 RVGKPD
|9 1024151
|
| 610 |
2 |
7 |
|a Mayser (Rožňava, Slovensko)
|2 RVGKPD
|9 1027439
|
| 650 |
0 |
7 |
|a spolupráca
|2 RVGKPD
|9 20291
|
| 651 |
|
7 |
|a Rožňava (Slovensko)
|2 RVGKPD
|9 17394
|
| 773 |
0 |
8 |
|t Gemerský denník
|g Roč. 4, č.239, 14.10.2002, s. 1
|
| 852 |
|
|
|a ZVYKNI
|b KIS3GCP
|
| 999 |
|
|
|c 3180607
|d 3182537
|